Anda berhak hebat

Bibliographic Details
Main Author: Md. Taib Mat
Format: Book
Published: Kuala Lumpur : Pustaka Cipta , 2003
Subjects:

MARC

LEADER 00000cam a2200000 7i4500
001 0000016154
005 20080423.0
008 080423
020 |a 9831010485 
090 0 0 |a 158   |b MDT 
100 0 |a Md. Taib Mat 
245 1 0 |a Anda berhak hebat   |c Md. Taib Mat 
260 |a Kuala Lumpur :   |b Pustaka Cipta ,   |c 2003 
650 0 |a Personality and motivation 
650 0 |a Self-perception 
650 0 |a Success 
999 |a 0001018861   |b Book   |c Adult Collection   |e Perbadanan Perpustakaan Awam Johor